| 000 | 00821nam a22002297a 4500 | ||
|---|---|---|---|
| 999 |
_c18398 _d18398 |
||
| 003 | AR-CdUCM | ||
| 008 | 190513b ||||| |||| 00| 0 spa d | ||
| 040 |
_aMUNICIPALIDAD PROVINCIAL DEL CUSCO _cBIBLIOTECA MUNICIPAL DEL CUSCO |
||
| 041 | _heng | ||
| 082 |
_a154.1 / _bN82 |
||
| 100 |
_aNorman, Donald A. _938959 |
||
| 245 | _aEl procesamiento de la información en el hombre / | ||
| 260 |
_aBuenos Aires : _bCentro Regional de Ayuda Técnica, _c1973. |
||
| 300 |
_a239 páginas ; _c20 cm. |
||
| 505 | _aContenido: Los problemas -- La atención -- La adquisición de información -- Memoria visual del corto plazo... | ||
| 650 |
_aNmotecnia _938960 |
||
| 650 |
_aMemoria _91763 |
||
| 650 |
_aPsicología _91538 |
||
| 700 |
_aJusto N., Luis (traducción) _938961 |
||
| 942 |
_2ddc _cLIBROS |
||
| 945 |
_adavv _d2019-05-13 |
||